000 01046cam a2200277 4500
008 020419n2001 000 0 eng u
020 _a0860175367
035 _a(Sirsi) u117586
041 _aeng.
050 _a690 COV
100 _aCoventry, S.
245 _aDemonstrating waste minimisation benefits in construction
260 _aLondon
_bCIRIA
_c2001
300 _a58p
_c30cm.
490 _aCIRIA Publication
_vC536
520 _aThis report aims to demonstrate the practical principles of waste reduction, reuse and recycling in the construction industry. It demonstrates the benefits achieved in ten demonstration projects by the implementation of various initiatives. Emphasises that waste minimisation can save money as well as having environmental benefits.
650 _aWASTE MANAGEMENT
650 _aWASTE MINIMISATION
650 _aENVIRONMENTAL BENEFITS
650 _aCOST SAVINGS
650 _aGOOD PRACTICE
690 _aBUILT ENVIRONMENT
700 _aShorter, B.
700 _aKingsley, M.
942 _n0
999 _c102029
_d102029